[Event "Gora Sw Anny op 1st"]
[Site "Gora Sw Anny"]
[Date "2008.02.24"]
[Round "9"]
[White "Kocon, Wiktor"]
[Black "Weber, Dawid"]
[Result "1-0"]
[WhiteElo "1889"]
[BlackElo "1400"]
[PlyCount "100"]
[EventDate "2008.02.18"]
[EventType "swiss"]
[EventRounds "9"]
[EventCountry "POL"]
[SourceTitle "CBM 122 Extra"]
[Source "ChessBase"]
[SourceDate "2008.03.04"]
[SourceVersion "1"]
[SourceVersionDate "2008.03.04"]
[SourceQuality "1"]

1. d4 f5 2. Nc3 Nf6 3. Bg5 e6 4. e4 fxe4 5. Nxe4 Be7 6. Bxf6 Bxf6 7. Nf3 d5 8. Nxf6+ Qxf6 9. Bd3 0-0 10. 0-0 Nc6 11. Bb5 Bd7 12. Bxc6 Bxc6 13. Qd2 Qf4 14. Qxf4 Rxf4 15. Rfe1 Bd7 16. Ne5 Bb5 17. c3 b6 18. a4 Be8 19. g3 Rf8 20. b3 Rc8 21. Nd3 Bd7 22. Ne5 Be8 23. a5 b5 24. b4 a6 25. Nd3 Rf3 26. Nc5 Rxc3 27. Nxa6 Rc4 28. Rxe6 Bd7 29. Re7 Bh3 30. Rd1 Kf8 31. Re5 c6 32. Nc5 Rxb4 33. a6 Rb2 34. Rde1 Ra2 35. Rh5 Bg4 36. Rxh7 Kg8 37. Rh4 Bf5 38. Rf4 Bh3 39. Rh4 Bf5 40. Kg2 b4 41. Rf4 Bh7 42. Re7 Rxa6 43. Nxa6 b3 44. Rff7 Be4+ 45. f3 b2 46. Rxg7+ Kh8 47. Rb7 b1Q 48. Rxb1 Bxb1 49. Rc7 Rxc7 50. Nxc7 Kg7 1-0

[Event "Gora Sw Anny op 1st"]
[Site "Gora Sw Anny"]
[Date "2008.02.21"]
[Round "5"]
[White "Weber, Dawid"]
[Black "Leks, Maria"]
[Result "0-1"]
[WhiteElo "1400"]
[BlackElo "1773"]
[PlyCount "48"]
[EventDate "2008.02.18"]
[EventType "swiss"]
[EventRounds "9"]
[EventCountry "POL"]
[SourceTitle "CBM 122 Extra"]
[Source "ChessBase"]
[SourceDate "2008.03.04"]
[SourceVersion "1"]
[SourceVersionDate "2008.03.04"]
[SourceQuality "1"]

1. e4 d5 2. exd5 Qxd5 3. Nc3 Qd6 4. Nf3 Nf6 5. Bc4 a6 6. a4 Bg4 7. d3 Nc6 8. Be3 e6 9. Ne4 Nxe4 10. dxe4 Qb4+ 11. Qd2 Qxc4 12. h3 Bxf3 13. gxf3 Rd8 14. b3 Qb4 15. Qxb4 Bxb4+ 16. Ke2 0-0 17. Rhg1 Nd4+ 18. Kf1 Nxc2 19. Rc1 Nxe3+ 20. fxe3 c6 21. Ke2 Rd2+ 22. Kf1 Rfd8 23. f4 R8d3 24. Re1 Rh2 0-1